| 000 | 00689nam a22001937a 4500 | ||
|---|---|---|---|
| 999 |
_c20075 _d20075 |
||
| 003 | AR-CdUCM | ||
| 008 | 190525b ||||| |||| 00| 0 spa d | ||
| 040 |
_aMUNICIPALIDAD PROVINCIAL DEL CUSCO _cBIBLIOTECA MUNICIPAL DEL CUSCO |
||
| 082 |
_a709.85 / _bB36 |
||
| 100 |
_aBelli, Prospero L. _941998 |
||
| 245 | _aArte peruano y aplicado / | ||
| 260 |
_aLima : _bSalesiana, _c1963. |
||
| 300 |
_a116 páginas ; _c18 cm. |
||
| 505 | _aContenido: El arqueólogo y su idea cultural -- La cuna del arte fue Asia -- El arte como funcionamiento de la cultura de la naciones... | ||
| 650 |
_aArqueologia _9371 |
||
| 650 |
_aArte peruano _95992 |
||
| 942 |
_2ddc _cLIBROS |
||
| 945 |
_aAndy _d2019-05-25 |
||